000 00589nam a2200205 a 4500
001 13974
003 CO-ViMGA
008 141112s2004 ck r 000 u spa d
020 _a8481561967
040 _aCO-ViMGA
_bspa
_cCO-ViMGA
082 0 4 _a927.544 M653
245 1 0 _aMonet :
_bel padre de la pintura impresionista
260 _aMadrid :
_bElecta,
_c1999
300 _a143. ils
490 _aArtBook
590 _aForma de adquisición : Compra
650 1 4 _aIMPRESIONISMO(ARTE)
_920403
650 1 4 _aMONET, CLAUDE - 1840 - 1926 - CRITICA E INTERPRETACION
_920404
942 _2ddc
_cBK
999 _c24675
_d24675